=LDR 00000nam 2200000 4500 =001 INLIS000000000019590 =005 20130612114630 =008 ***********************************Ind** =035 ##$$0010-061300000019590 =041 ##$$a Ind =082 ##$$a 641.3 =090 ##$$a 641.3, Gun f =100 ##$$a Gunawan, Andang =245 ##$$a Food combining, kombinasi makanan serasi pola makan untuk langsing dan sehat, Andang Gunawan =260 ##$$a 2005 $b Jakarta =300 ##$$a 179 hlm =850 ##$$a NBPNMAT =990 ##$$a 0001/BPAP-NTB/20142014 =990 ##$$a 2090101193/BPAP-NTB/2015 =990 ##$$a 0001/BPAP-NTB/2015